Word Ladder: Programming Languages Quiz Stats

 Plays Quiz Updated Aug 16, 2016

Challenge
Share
Tweet
Embed
Score 0/32 Timer 04:00
1 Play Today
Hint 4-Letter Word % Correct
Without color or ghostlyPALE
95.9%
Possessing XY chromosomesMALE
95.8%
An adult female horseMARE
95.1%
The dangling part of the earLOBE
94.9%
ImpoliteRUDE
94.8%
⌨ A fully object-driven programming language ⌨
OR a red gem
⌨RUBY⌨
94%
A survey of votersPOLL
94%
A tiny hole in the skinPORE
93.9%
Fishing equipment held in handPOLE
93.8%
A long, flowing outer garmentROBE
92.9%
Old knowledge or legendLORE
92.5%
US President between Reagan and ClintonBUSH
92.1%
Movie with Sean Astin about footballRUDY
91.4%
To be concerned about somethingCARE
91.1%
To be off-targetMISS
90.9%
Light rainfallMIST
90.7%
Hint 4-Letter Word % Correct
___ Goldberg machineRUBE
90.5%
The amount of matter in an objectMASS
90.3%
⌨ A UNIX shell ⌨
OR to strike violently
⌨BASH⌨
90.2%
A component of something largerPART
90%
To whittle or trim awayPARE
89.9%
To crush something to a pulpMASH
89.5%
An alcove within a cliff or hillCAVE
88.2%
A series of names, words, or phrasesLIST
88.1%
Band with Peart, Lee and LifesonRUSH
87.2%
⌨ A scripting language, excellent for parsing ⌨
OR a homophone for an oyster's treasure
⌨PERL⌨
86.7%
A bit of subterfugeRUSE
86.7%
College grant awarded by US govt.PELL
86.2%
Lively or cheekyPERT
84.7%
⌨ Early Mathematics-based language ⌨
OR a speech affectation
⌨LISP⌨
82.9%
⌨ 2nd most popular programming language ⌨
OR Jakarta's island
⌨JAVA⌨
82.3%
Sparkling wine of CataloniaCAVA
76.6%

Today's Daily Dose

Missing Word
Hayao Miyazaki

Word Ladder
Florida

On This Day
December 13th II

You're not logged in!

Compare scores with friends on all Sporcle quizzes.
OR
Log In

You Might Also Like...

Show Comments

Extras

Top Quizzes Today


Score Distribution

Your Account Isn't Verified!

In order to create a playlist on Sporcle, you need to verify the email address you used during registration. Go to your Sporcle Settings to finish the process.

Report this User

Report this user for behavior that violates our Community Guidelines.

Details: